Republikový snem rozhodol: ODÚ zrušená

Bibliographic Details
Format: Article
Language:Slovak
Subjects:

MARC

LEADER 00000nab a2200000 a 4500
001 vtls000468161
003 SK-MaSNL
005 20260303200859.0
008 120926c1992 xo 0 slo
015 |a SNBRB19rr/mm-uuuuu 
035 |a CL0468294 
040 |a SNKBUCL  |b slo  |c SNKBUCL  |e AACR2 
041 0 |a slo 
044 |a xo  |c SK 
080 |a 329.11/.12(437.6)  |2 1981 
245 0 0 |a Republikový snem rozhodol:  |b ODÚ zrušená 
610 2 7 |a Občianska demokratická únia (politická strana)  |2 snkbucl  |9 30988 
655 7 |a články z novín a časopisov  |2 snkbucl  |9 267496 
773 0 |t Národná obroda  |g Roč. 3, č. 270 (16. 11. 1992), s. 13 
850 |a Slovenská národná knižnica v Martine  |a MTA001 
852 |a SNK  |b KIS3GCP 
958 |a RK 
992 |a RBX 
999 |c 2170367  |d 2172297